<?xml version="1.0" encoding="UTF-8"?>
<marc:record xmlns:marc="http://www.loc.gov/MARC21/slim">
   <marc:leader>00000nam a2200000 a 4500</marc:leader>
   <marc:datafield ind1="1" ind2=" " tag="100">
      <marc:subfield code="a">Werner, Markus</marc:subfield>
      <marc:subfield code="4">aut</marc:subfield>
      <marc:subfield code="e">Verfasser/-in</marc:subfield>
   </marc:datafield>
   <marc:datafield ind1="1" ind2=" " tag="100">
      <marc:subfield code="a">Gedeck, Martina</marc:subfield>
   </marc:datafield>
   <marc:datafield ind1="0" ind2="0" tag="245">
      <marc:subfield code="a">Am Hang</marc:subfield>
   </marc:datafield>
   <marc:datafield ind1="0" ind2="0" tag="245">
      <marc:subfield code="b">Extras: Trailer, Making of, Trailer-Show</marc:subfield>
   </marc:datafield>
   <marc:datafield ind1="0" ind2="0" tag="245">
      <marc:subfield code="c">Imboden, Markus</marc:subfield>
   </marc:datafield>
   <marc:datafield ind1=" " ind2="1" tag="264">
      <marc:subfield code="a">Berlin</marc:subfield>
      <marc:subfield code="b">Arsenal</marc:subfield>
   </marc:datafield>
   <marc:datafield ind1="1" ind2=" " tag="490">
      <marc:subfield code="a">2</marc:subfield>
   </marc:datafield>
   <marc:datafield ind1="1" ind2=" " tag="520">
      <marc:subfield code="a">Felix steht am Hang.Er hat nur eines im Kopf: Valerie. Seine Frau, mit der er 15 Jahre zusammen war, die ihn verlassen hat. Magisch zieht es Felix, den Verfechter der grossen Liebe und der Ehe, an den Ort der endgültigen Trennung im Tessin. Valeries Ex-Liebhaber Thomas, von dem Felix nichts weiß, ist auch da. Allerdings nicht aus sentimentalen Gründen. Der charmante Lebemann, der es nicht so eng sieht mit der Liebe, hat ein Ferienhaus in der Gegend. Per Zufall begegnen sich Felix und Thomas in einem Restaurant. Ohne von ihrer fatal verbundenen Geschichte zu wissen, beginnen die beiden Männer, miteinander zu sprechen.Als Felix realisiert, wen er vor sich hat, nimmt ein abgründiges Verwirrspiel seinen Lauf...</marc:subfield>
   </marc:datafield>
   <marc:datafield ind1=" " ind2=" " tag="020">
      <marc:subfield code="a">4047179850087</marc:subfield>
      <marc:subfield code="9">4047179850087</marc:subfield>
   </marc:datafield>
   <marc:datafield ind1="0" ind2=" " tag="490">
      <marc:subfield code="v">0</marc:subfield>
   </marc:datafield>
   <marc:datafield ind1=" " ind2=" " tag="338">
      <marc:subfield code="a">Videodisk</marc:subfield>
   </marc:datafield>
   <marc:datafield ind1=" " ind2=" " tag="300">
      <marc:subfield code="a">90 Min.</marc:subfield>
   </marc:datafield>
</marc:record>
